ბათუმის შოთა რუსთაველის სახელმწიფო უნივერსიტეტის ბიბლიოთეკა

ქართველი მწერლები შოთა რუსთაველს. (ბიბ.ჩანაწერი № 44045)

000 -LEADER
fixed length control field 01297nam a2200217Ia 4500
001 - CONTROL NUMBER
control field 10797
003 - CONTROL NUMBER IDENTIFIER
control field GE_BSU
008 - FIXED-LENGTH DATA ELEMENTS--GENERAL INFORMATION
fixed length control field 181216s||||||||xx |||||||||||||| ||und||
040 ## - CATALOGING SOURCE
Transcribing agency GE_BSU
080 ## - UNIVERSAL DECIMAL CLASSIFICATION NUMBER
Universal Decimal Classification number 821.353.1-1
245 ## - TITLE STATEMENT
Title ქართველი მწერლები შოთა რუსთაველს.
245 ## - TITLE STATEMENT
Statement of responsibility, etc. რედ.კანდიდ ჩარკვიანი,პავლე ინგოროყვა,სიმონ ჩიქოვანი; მხატვრობა თავფურცლებისა,თავსამკაულები და ბოლოსამკაულები შესრულებულია მე-12-13 საუკუნეთა მხატვრის მიქელ კორეშის მინიატურების მიხედვით ლადო გუდიაშვილის მიერ.
260 ## - PUBLICATION, DISTRIBUTION, ETC.
Place of publication, distribution, etc. თბილისი.
260 ## - PUBLICATION, DISTRIBUTION, ETC.
Name of publisher, distributor, etc. ფედერაცია.
260 ## - PUBLICATION, DISTRIBUTION, ETC.
Date of publication, distribution, etc. 1937.
300 ## - PHYSICAL DESCRIPTION
Extent 306გვ;25სმ.
300 ## - PHYSICAL DESCRIPTION
Accompanying material ილ.
520 ## - SUMMARY, ETC.
Summary, etc. დამატ.თავფურც.რუსულ და ფრანგულ ენებზე.
653 ## - INDEX TERM--UNCONTROLLED
Uncontrolled term ქართველი მწერლები შოთა რუსთაველს.
942 ## - ADDED ENTRY ELEMENTS (KOHA)
Koha item type წიგნი
ეგზემპლარები
Withdrawn status Lost status Damaged status Not for loan Date acquired Barcode Date last seen Price effective from Koha item type
        2018-12-17 35286 2018-12-17 2018-12-17 წიგნი
        2018-12-17 35287 2018-12-17 2018-12-17 წიგნი
        2018-12-17 35288 2018-12-17 2018-12-17 წიგნი
        2018-12-17 35289 2018-12-17 2018-12-17 წიგნი
        2018-12-17 35290 2018-12-17 2018-12-17 წიგნი
        2018-12-17 35291 2018-12-17 2018-12-17 წიგნი
        2018-12-17 35292 2018-12-17 2018-12-17 წიგნი